Vista normal
Vista MARC
- Jornadas de Orientación y Terapia Familiar
Entrada Nombre congreso
Número de registros utilizados en: 1
001 - NÚMERO DE CONTROL
- campo de control: 1557
003 - IDENTIFICADOR DEL NÚMERO DE CONTROL
- campo de control: ES-MaFIAP
005 - FECHA Y HORA DE LA ÚLTIMA TRANSACCIÓN
- campo de control: 20231114121251.0
008 - DATOS DE LONGITUD FIJA
- campo de control de longitud fija: 231114|| aca||aabn | a|a d
040 ## - FUENTE DE LA CATALOGACIÓN
- Centro catalogador/agencia de origen: ES-MaFIAP
- Centro/agencia transcriptor: ES-MaFIAP
111 ## - ENCABEZAMIENTO--NOMBRE DE CONGRESO/REUNIÓN
- Nombre de congreso/reunión o jurisdicción como elemento de entrada: Jornadas de Orientación y Terapia Familiar
- Número del congreso/reunión o número de parte o sección: 1ª
- Fecha del congreso o de la firma del tratado: 1993
- Sede del congreso/Lugar de la reunión: Majadahonda
670 ## - FUENTE DE DATOS ENCONTRADOS
- Cita de la fuente: Work cat.: (ES-MaFIAP)580: Jornadas de Orientación y Terapia Familiar 1ª 1993 Majadahonda, Orientación y terapia familiar, 1994





